000 00412nam a2200169Ia 4500
008 230524s9999 xx 000 0 und d
082 _a540
_bBHA
100 _aP.C.Jain
245 0 _aEngineering Chemistry (Large Size)
250 _a15TH
260 _aNEW DELHI
_bDhanpat Rai
_c2005
300 _aXII;1288
500 _aQuantity Number: 152
650 _aChemistry
700 _a Monika Jain
942 _cBK
999 _c10474
_d10474